Maharashtra state is launched ; (Record no. 56404)

MARC details
000 -LEADER
fixed length control field 00648cam a22001931 4500
001 - CONTROL NUMBER
control field sa 64000775
003 - CONTROL NUMBER IDENTIFIER
control field DLC
005 - DATE AND TIME OF LATEST TRANSACTION
control field 20260227111958.0
008 - FIXED-LENGTH DATA ELEMENTS--GENERAL INFORMATION
fixed length control field 920618s1960 ii a 000 0 eng
010 ## - LIBRARY OF CONGRESS CONTROL NUMBER
LC control number sa 64000775
035 ## - SYSTEM CONTROL NUMBER
System control number (OCoLC)28302689
040 ## - CATALOGING SOURCE
Original cataloging agency DLC
Transcribing agency PU
Modifying agency DLC
050 00 - LIBRARY OF CONGRESS CALL NUMBER
Classification number DS485.M34
Item number A49
110 1# - MAIN ENTRY--CORPORATE NAME
Corporate name or jurisdiction name as entry element Maharashtra (India).
Subordinate unit Directorate of Publicity.
245 10 - TITLE STATEMENT
Title Maharashtra state is launched ;
Remainder of title an artist's review of the events that marked the formation of the state, April 27-May 1, 1960.
260 ## - PUBLICATION, DISTRIBUTION, ETC.
Place of publication, distribution, etc. Bombay
Date of publication, distribution, etc. [1960]
300 ## - PHYSICAL DESCRIPTION
Extent 87 p. (chiefly illus.)
Dimensions 24 cm.
651 #0 - SUBJECT ADDED ENTRY--GEOGRAPHIC NAME
Geographic name Maharashtra (India)
General subdivision History
Form subdivision Pictorial works.

No items available.

Powered by Koha